[Event "Detroit (MOR/6/29)"]
[Site "?"]
[Date "1990.??.??"]
[Round "?"]
[White "Tanner, M."]
[Black "Serwatowski, Felix"]
[Result "1/2-1/2"]
[WhiteElo "1655"]
[BlackElo "1605"]
[PlyCount "80"]
[EventDate "1990.??.??"]

{6/(29)} 1. e4 c5 2. Nf3 Nc6 3. b3 d6 4. Bb5 a6 5. Bxc6+ bxc6 6. O-O Nf6 7. Re1
e5 8. b4 Qb6 9. bxc5 Qxc5 10. d4 exd4 11. Qxd4 Qxd4 12. Nxd4 c5 13. Nc6 Kd7 14.
Na5 Ng4 15. Nc3 Rb8 16. Nd5 f6 17. Nc4 Ke6 18. Bf4 Ne5 19. Ncb6 Be7 20. Nxc8
Rhxc8 21. Rab1 Nd7 22. Rec1 Rxb1 23. Rxb1 Rb8 24. Nc7+ Kf7 25. Rb3 Rxb3 26.
axb3 Nb8 27. f3 a5 28. Kf2 Nc6 29. c3 Ne5 30. Ke3 c4 31. Bxe5 cxb3 32. c4 fxe5
33. Kd3 Bd8 34. Nb5 Bb6 35. Kc3 a4 36. Kb2 Bc5 37. Nc7 Ke7 38. Nd5+ Kd7 39. f4
Ke8 40. fxe5 dxe5 1/2-1/2

[Event "Detroit (MOR/4/40)"]
[Site "?"]
[Date "1990.??.??"]
[Round "?"]
[White "Tanner, M."]
[Black "Brewer, R."]
[Result "1-0"]
[WhiteElo "1655"]
[BlackElo "1605"]
[PlyCount "63"]
[EventDate "1990.??.??"]

{4/(40)} 1. c4 c5 2. Nf3 Nf6 3. g3 Nc6 4. Bg2 b6 5. O-O Bb7 6. Nc3 e6 7. d3 Be7
8. b3 O-O 9. Bb2 Qc8 10. Rc1 Rd8 11. Rc2 d5 12. cxd5 exd5 13. d4 Nb4 14. Rc1 a6
15. a3 Nc6 16. dxc5 bxc5 17. Na4 Qf5 18. Nxc5 Bc8 19. Nd3 Na5 20. Nd4 Qd7 21.
Ne5 Qb7 22. Nec6 Nxc6 23. Nxc6 Rd7 24. Nxe7+ Rxe7 25. Bxf6 gxf6 26. Bxd5 Qb8
27. Bxa8 Qxa8 28. Qd8+ Kg7 29. Qxe7 Bh3 30. e4 f5 31. Qg5+ Kf8 32. Rfd1 1-0

[Event "Lansing (MI Am/2/21)"]
[Site "?"]
[Date "1990.??.??"]
[Round "?"]
[White "Swindler, J."]
[Black "Frantom, M."]
[Result "1-0"]
[WhiteElo "1810"]
[BlackElo "1605"]
[PlyCount "57"]
[EventDate "1990.??.??"]

{2/(21)} 1. d4 e6 2. e3 b6 3. Nf3 Bb7 4. Nbd2 Nf6 5. Bd3 d5 6. O-O Be7 7. c3
Nbd7 8. Re1 O-O 9. e4 dxe4 10. Nxe4 Nxe4 11. Bxe4 Bxe4 12. Rxe4 c5 13. Bf4 Nf6
14. Re2 cxd4 15. Nxd4 Qd7 16. Qb3 Qd5 17. Qa4 Rfd8 18. Re5 Qb7 19. Nc6 Rd7 20.
Nxe7+ Rxe7 21. Bg5 Rd7 22. Bxf6 gxf6 23. Qg4+ Kh8 24. Rh5 Rg8 25. Qh3 Rg7 26.
Re1 Rd5 27. Qf3 Rd1 28. Rxd1 Qxf3 29. Rd8+ 1-0

[Event "Lansing (MI Am/4/8)"]
[Site "?"]
[Date "1990.??.??"]
[Round "?"]
[White "Swindler, J."]
[Black "Duckles, E."]
[Result "1/2-1/2"]
[WhiteElo "1810"]
[BlackElo "1940"]
[PlyCount "107"]
[EventDate "1990.??.??"]

{4/(8)} 1. d4 Nf6 2. e3 e6 3. Nf3 d5 4. Nbd2 c5 5. c3 Nc6 6. Bd3 cxd4 7. exd4
g6 8. O-O Bg7 9. Re1 O-O 10. Ne5 Nxe5 11. dxe5 Nd7 12. Nf3 Qc7 13. Qe2 Nc5 14.
Bg5 Nxd3 15. Qxd3 h6 16. Bf6 b6 17. h4 Bxf6 18. exf6 Qf4 19. Qd4 Qxd4 20. Nxd4
Bd7 21. f4 h5 22. Re5 Rac8 23. Rae1 Rc4 24. Rg5 Kh7 25. Ree5 b5 26. a3 a5 27.
g4 hxg4 28. Rxg4 b4 29. axb4 axb4 30. Rg3 bxc3 31. bxc3 Rfc8 32. h5 Rxc3 33.
hxg6+ fxg6 34. Rxc3 Rxc3 35. Nxe6 Bxe6 36. Rxe6 Kg8 37. Rd6 Rf3 38. Rxd5 Rxf4
39. Rd7 Rxf6 40. Kg2 Rf7 41. Rd8+ Kg7 42. Rd5 Kh6 43. Kg3 Rb7 44. Kg4 Rb4+ 45.
Kg3 g5 46. Rd6+ Kh5 47. Rd5 Rb3+ 48. Kg2 Kh4 49. Rd4+ g4 50. Kh2 Rb2+ 51. Kg1
Kh3 52. Rd3+ g3 53. Rd1 Rc2 54. Rb1 1/2-1/2

[Event "Lansing (MI Am/2/34)"]
[Site "?"]
[Date "1990.??.??"]
[Round "?"]
[White "Swathell, Gary"]
[Black "Smeckert, Dennis"]
[Result "1/2-1/2"]
[WhiteElo "1735"]
[BlackElo "1605"]
[PlyCount "81"]
[EventDate "1990.??.??"]

{2/(34)} 1. c4 e5 2. Nc3 Nf6 3. e4 c6 4. Nf3 Qc7 5. g3 Bb4 6. d3 d6 7. Bd2 Be6
8. Bg2 Nbd7 9. O-O Bxc3 10. Bxc3 c5 11. Qa4 h6 12. b4 O-O 13. Rab1 b6 14. Qc2
Rac8 15. a4 cxb4 16. Bxb4 a5 17. Ba3 Nc5 18. Bxc5 Qxc5 19. Rb5 Qc7 20. Rfb1 Rb8
21. Qb2 Nd7 22. d4 Qxc4 23. dxe5 Nxe5 24. Nxe5 dxe5 25. Qxe5 Qxa4 26. Qc7 Rfd8
27. Bf3 Qc4 28. Qxc4 Bxc4 29. Rxb6 Rxb6 30. Rxb6 Ra8 31. Rc6 Be6 32. e5 Ra7 33.
Rb6 g6 34. Rb5 a4 35. Rb1 a3 36. Ra1 a2 37. Be4 Ra5 38. f4 Rb5 39. Kf2 Rb2+ 40.
Ke3 Rxh2 41. Kd4 1/2-1/2

[Event "Lansing (MI Am/5/31)"]
[Site "?"]
[Date "1990.??.??"]
[Round "?"]
[White "Swathell, Gary"]
[Black "Ladomer, W."]
[Result "1-0"]
[WhiteElo "1735"]
[BlackElo "1605"]
[PlyCount "105"]
[EventDate "1990.??.??"]

{5/(31)} 1. c4 e5 2. Nc3 Nc6 3. Nf3 Bc5 4. g3 d6 5. Bg2 Nf6 6. d3 O-O 7. O-O
Ng4 8. Ne4 Nd4 9. Nxd4 Bxd4 10. e3 Bb6 11. b4 Re8 12. c5 dxc5 13. bxc5 Ba5 14.
Bb2 Bd7 15. d4 Bb5 16. Qxg4 Bxf1 17. Rxf1 f6 18. dxe5 fxe5 19. f4 g6 20. Bxe5
Rf8 21. Qe6+ Rf7 22. Ng5 Qe7 23. Qxf7+ Qxf7 24. Nxf7 Kxf7 25. Bd5+ Ke7 26. f5
c6 27. f6+ Kd7 28. f7 cxd5 29. f8=Q Rxf8 30. Rxf8 Bb4 31. Rf7+ Ke6 32. Rxb7
Bxc5 33. Bd4 Bxd4 34. exd4 Kf5 35. Rxa7 Ke4 36. Rxh7 Kxd4 37. a4 Ke3 38. Re7+
Kd3 39. a5 d4 40. a6 Kd2 41. a7 d3 42. a8=Q Kc1 43. Qc6+ Kd1 44. Qa4+ Kd2 45.
Qb4+ Kd1 46. Re1+ Kc2 47. Qb1+ Kc3 48. Qc1+ Kd4 49. Qe3+ Kc3 50. Rd1 Kc2 51.
Qxd3+ Kb2 52. Rd2+ Kc1 53. Qc2# 1-0

[Event "Lansing (MI Am/1/37)"]
[Site "?"]
[Date "1990.??.??"]
[Round "?"]
[White "Swathell, Gary"]
[Black "Hamilton, S."]
[Result "0-1"]
[WhiteElo "1735"]
[BlackElo "1605"]
[PlyCount "102"]
[EventDate "1990.??.??"]

{1/(37)} 1. c4 e6 2. Nc3 d5 3. cxd5 exd5 4. d4 Nf6 5. Nf3 Be7 6. g3 O-O 7. Bg2
Re8 8. O-O Bf5 9. Bg5 c6 10. Bxf6 Bxf6 11. e3 Nd7 12. b4 h5 13. h4 Bg4 14. Qb3
g5 15. hxg5 Bxg5 16. Nxg5 Qxg5 17. e4 dxe4 18. Nxe4 Qg6 19. Nc5 Nxc5 20. dxc5
Re6 21. Qc3 Qf6 22. Qxf6 Rxf6 23. Rfe1 Kf8 24. Re5 Re8 25. Rae1 Rfe6 26. Rxe6
Rxe6 27. Rxe6 Bxe6 28. a3 Bd5 29. Bxd5 cxd5 30. Kf1 Ke7 31. Ke2 Ke6 32. Ke3 Kf5
33. b5 Ke6 34. Kd4 f6 35. a4 f5 36. a5 f4 37. a6 bxa6 38. b6 axb6 39. cxb6 Kd6
40. b7 Kc7 41. gxf4 Kxb7 42. f5 Kc7 43. Kxd5 Kd7 44. f6 h4 45. f4 h3 46. f5 h2
47. f7 Ke7 48. f6+ Kxf7 49. Kc6 h1=Q+ 50. Kb6 Qf1 51. Ka5 Qb5# 0-1

[Event "Lansing (MI Am/3/3)"]
[Site "?"]
[Date "1990.??.??"]
[Round "?"]
[White "Sutton, T."]
[Black "Vandivier, Don"]
[Result "0-1"]
[WhiteElo "1820"]
[BlackElo "1925"]
[PlyCount "72"]
[EventDate "1990.??.??"]

{3/(3)} 1. e4 c5 2. Nf3 d6 3. d4 cxd4 4. Nxd4 Nf6 5. Nc3 a6 6. Bc4 b5 7. Bb3
Bb7 8. f3 g6 9. Be3 Bg7 10. Qd2 Nbd7 11. O-O-O Nc5 12. Kb1 Nxb3 13. Nxb3 Qc7
14. h4 h5 15. Rhe1 Rc8 16. Re2 O-O 17. Bh6 b4 18. Bxg7 Kxg7 19. Nd5 Bxd5 20.
exd5 a5 21. Qd4 a4 22. Nc1 Qb7 23. g4 Kg8 24. gxh5 Nxh5 25. f4 Ng7 26. Nd3 b3
27. Nf2 bxc2+ 28. Rxc2 Rxc2 29. Kxc2 Rb8 30. h5 Nf5 31. Qd2 Qxb2+ 32. Kd3 Qd4+
33. Ke2 Rb2 34. hxg6 Qe3+ 35. Kf1 Rxd2 36. gxf7+ Kxf7 0-1

[Event "Lansing (MI Am/1/29)"]
[Site "?"]
[Date "1990.??.??"]
[Round "?"]
[White "Sutton, T."]
[Black "Smeckert, Dennis"]
[Result "1-0"]
[WhiteElo "1820"]
[BlackElo "1605"]
[PlyCount "95"]
[EventDate "1990.??.??"]

{1/(29)} 1. e4 e5 2. Nf3 Nc6 3. Bb5 a6 4. Ba4 Bc5 5. c3 b5 6. Bc2 d6 7. d4 exd4
8. cxd4 Bb6 9. h3 Qe7 10. O-O Qf6 11. e5 dxe5 12. dxe5 Qe6 13. Nc3 Nge7 14. Re1
h6 15. Bf4 Ba5 16. a4 Bxc3 17. bxc3 b4 18. cxb4 Nxb4 19. Nd4 Qc4 20. Bb3 Qd3
21. e6 O-O 22. exf7+ Kh8 23. Rxe7 Bxh3 24. Qxd3 Nxd3 25. Bxc7 Bg4 26. f3 Bh5
27. a5 Nc5 28. Bd5 Ra7 29. Rae1 Bxf7 30. Bxf7 Rc8 31. Re8+ Rxe8 32. Rxe8+ Kh7
33. Re7 Rb7 34. Kh2 Nd3 35. Bd6 Rb1 36. Bd5 Nf2 37. Be4+ Nxe4 38. fxe4 Ra1 39.
Be5 Rxa5 40. Rxg7+ Kh8 41. Re7+ Kg8 42. Nf5 Kf8 43. Bg7+ Kg8 44. Bxh6 Rb5 45.
Rg7+ Kf8 46. Rb7+ Ke8 47. Rxb5 axb5 48. Nd6+ 1-0

[Event "Lansing (MI Am/5/8)"]
[Site "?"]
[Date "1990.??.??"]
[Round "?"]
[White "Sutton, T."]
[Black "Skidmore, Mike"]
[Result "0-1"]
[WhiteElo "1820"]
[BlackElo "1900"]
[PlyCount "59"]
[EventDate "1990.??.??"]

{5/(8)} 1. e4 c6 2. d4 d5 3. exd5 cxd5 4. c4 g6 5. cxd5 Qxd5 6. Nc3 Qd8 7. Nf3
Bg7 8. Be3 Nh6 9. Bc4 O-O 10. Qd2 Nf5 11. O-O Nxe3 12. fxe3 Bg4 13. h3 Bxf3 14.
Rxf3 Nc6 15. Raf1 Ne5 16. Bb3 Nxf3+ 17. gxf3 Qd7 18. Qg2 Kh8 19. Ne4 Bh6 20. f4
Qc6 21. d5 Qb6 22. Re1 Bxf4 23. d6 Bxd6 24. Nxd6 Qxd6 25. Bd5 Rab8 26. Bxb7 Qb4
27. Rd1 Rxb7 28. Rd4 Qxb2 29. Qxb2 Rxb2 30. Rd7 0-1

[Event "Detroit (MOR/2/15)"]
[Site "?"]
[Date "1990.??.??"]
[Round "?"]
[White "Sunts, A."]
[Black "Munger, Larry"]
[Result "0-1"]
[WhiteElo "1605"]
[BlackElo "1730"]
[PlyCount "160"]
[EventDate "1990.??.??"]

{2/(15)} 1. e4 d6 2. Nf3 c5 3. Nc3 Nc6 4. Bb5 Bd7 5. Bxc6 Bxc6 6. O-O g6 7. d4
Bg7 8. d5 Bd7 9. h3 e5 10. a4 Nf6 11. Bg5 a6 12. Ne2 O-O 13. Re1 Qc8 14. Bxf6
Bxf6 15. Nh2 b5 16. axb5 axb5 17. Rxa8 Qxa8 18. Qa1 b4 19. Ng4 Bg7 20. Ne3 Rb8
21. Nc4 Bf8 22. b3 f5 23. f3 f4 24. Qb2 Qb7 25. Ra1 Bb5 26. Na5 Qb6 27. c4 bxc3
28. Nxc3 Bd7 29. Ra3 Qd8 30. Nc6 Bxc6 31. dxc6 Qb6 32. c7 Qxc7 33. Qd2 Qb7 34.
Qd5+ Qxd5 35. Nxd5 Rb7 36. h4 Kf7 37. Kh2 h5 38. g3 fxg3+ 39. Kxg3 Ke6 40. Ra8
Bg7 41. Re8+ Kf7 42. Rc8 Bf6 43. Rc7+ Rxc7 44. Nxc7 Bd8 45. Nd5 Ba5 46. f4 Ke6
47. Kf3 Be1 48. Nc7+ Kf7 49. fxe5 dxe5 50. Na6 Bxh4 51. Nxc5 Ke7 52. b4 Kd6 53.
Nd3 Bf6 54. Nc5 Kc6 55. Ne6 Kb5 56. Nf8 g5 57. Nd7 Bg7 58. Nc5 Kxb4 59. Ne6 Bf6
60. Nc7 Kc4 61. Nd5 Bd8 62. Ne3+ Kd3 63. Nf1 g4+ 64. Kg2 h4 65. Nh2 g3 66. Nf1
Kxe4 67. Nd2+ Kd3 68. Nf3 e4 69. Ng1 Bb6 70. Nh3 e3 71. Nf4+ Kd2 72. Kf3 Bc5
73. Ne2 Bd6 74. Ng1 Be5 75. Kg2 e2 76. Nf3+ Kd1 77. Nxe5 e1=Q 78. Nf3 Qf2+ 79.
Kh3 g2 80. Nxh4 g1=Q 0-1

[Event "Detroit (MOR/6/33)"]
[Site "?"]
[Date "1990.??.??"]
[Round "?"]
[White "Sunts, A."]
[Black "Fletcher, G."]
[Result "0-1"]
[WhiteElo "1605"]
[BlackElo "1605"]
[PlyCount "120"]
[EventDate "1990.??.??"]

{6/(33)} 1. e4 e5 2. Nf3 Nc6 3. c3 Bc5 4. Be2 Nf6 5. d3 d6 6. h3 O-O 7. Bg5 Re8
8. b4 Bb6 9. b5 Na5 10. O-O a6 11. c4 axb5 12. cxb5 Be6 13. Nc3 c6 14. d4 Bc4
15. Bxc4 Nxc4 16. d5 c5 17. Qe2 Na5 18. Na4 Ba7 19. Rab1 b6 20. Nc3 c4 21. a4
Rc8 22. Na2 Nb3 23. Nb4 Nd4 24. Nxd4 exd4 25. Bxf6 Qxf6 26. Nc6 Bb8 27. Qxc4
Rc7 28. Rbd1 Rxe4 29. Rxd4 Rxd4 30. Qxd4 Qxd4 31. Nxd4 Rc4 32. Re1 Kf8 33. Re4
Rc1+ 34. Kh2 Rc5 35. Nc6 Bc7 36. Rd4 g6 37. g4 f5 38. gxf5 gxf5 39. Kg3 Kf7 40.
Kf4 Kf6 41. h4 h5 42. Nb4 Bd8 43. Kf3 Kg6 44. Kg3 Bf6 45. Rd3 Rc4 46. Nc6 Bxh4+
47. Kh3 Rxa4 48. Rd4 Rxd4 49. Nxd4 Bf6 50. Ne6 Be5 51. f4 Bc3 52. Nd8 Bd2 53.
Kh4 Bxf4 54. Nc6 Bg5+ 55. Kh3 f4 56. Na7 Kf5 57. Nc8 Ke4 58. Nxb6 Bd8 59. Na4
Kxd5 60. b6 Kc6 0-1

[Event "Detroit (MOR/4/15)"]
[Site "?"]
[Date "1990.??.??"]
[Round "?"]
[White "Sunts, A."]
[Black "Fiedler, Robert"]
[Result "1/2-1/2"]
[WhiteElo "1605"]
[BlackElo "1720"]
[PlyCount "97"]
[EventDate "1990.??.??"]

{4/(15)} 1. e4 c5 2. Nf3 Nc6 3. c3 d6 4. Bb5 a6 5. Bxc6+ bxc6 6. d3 Nf6 7. h3
e6 8. O-O Be7 9. e5 dxe5 10. Nxe5 Bd6 11. Bf4 Bb7 12. Bh2 O-O 13. Nd2 Bxe5 14.
Bxe5 Qxd3 15. Bxf6 gxf6 16. Qg4+ Kh8 17. Qf4 Qg6 18. Ne4 f5 19. Nxc5 Rg8 20. g3
Rab8 21. Rad1 Ba8 22. b4 a5 23. a3 Rbe8 24. Rfe1 axb4 25. axb4 Re7 26. Rd7 Rxd7
27. Nxd7 Bb7 28. Ne5 Qh5 29. Kh2 f6 30. Nd7 Qf7 31. Nc5 e5 32. Qxf5 Bc8 33. Qf3
Be6 34. Qxc6 Bd5 35. Qd7 Ra8 36. Qxf7 Bxf7 37. Re2 Ra3 38. Ne4 Kg7 39. g4 Bd5
40. Re3 Bxe4 41. Rxe4 Rxc3 42. Kg2 Rb3 43. Rc4 h6 44. h4 Kg6 45. f3 f5 46.
gxf5+ Kxf5 47. Kg3 h5 48. Re4 Rc3 49. b5 1/2-1/2

[Event "Lansing (Mini-Swiss.4/2)"]
[Site "?"]
[Date "1990.??.??"]
[Round "?"]
[White "Sundeen, David"]
[Black "Vangilder, D."]
[Result "0-1"]
[WhiteElo "1700"]
[BlackElo "1635"]
[PlyCount "91"]
[EventDate "1990.??.??"]

{4/(2)} 1. e4 c5 2. Nc3 Nc6 3. g3 d6 4. Bg2 Nf6 5. d3 e5 6. Nf3 Be7 7. O-O Bg4
8. h3 Bxf3 9. Bxf3 Nd4 10. Bg2 O-O 11. Ne2 Qd7 12. c3 Nxe2+ 13. Qxe2 Rac8 14.
f4 Rfe8 15. f5 b5 16. g4 Qc6 17. g5 Nd7 18. Qg4 f6 19. g6 h6 20. Qh4 Bf8 21.
Be3 Nb6 22. Qf2 d5 23. exd5 Nxd5 24. c4 bxc4 25. dxc4 Qb6 26. Bxd5+ Kh8 27. b3
Qd8 28. Qf3 Qe7 29. Rf2 e4 30. Qg4 Qe5 31. Rc1 a5 32. Rf4 Qb2 33. Qg2 Qxg2+ 34.
Kxg2 Bd6 35. Rxe4 Rxe4 36. Bxe4 Kg8 37. Rd1 Be7 38. Rd7 Kf8 39. Bd5 Ke8 40. Be6
Rd8 41. Rxd8+ Kxd8 42. Kf3 Kc7 43. Ke4 Kc6 44. Bxh6 Bf8 45. Bd2 Bd6 46. Bxa5
0-1

[Event "Lansing (Apr)"]
[Site "?"]
[Date "1990.??.??"]
[Round "?"]
[White "Sundeen, David"]
[Black "Vandenburg, V.E."]
[Result "1-0"]
[WhiteElo "1725"]
[BlackElo "1630"]
[PlyCount "71"]
[EventDate "1990.??.??"]

1. e4 e6 2. d4 a6 3. Nd2 b5 4. Bd3 Bb7 5. Ngf3 Be7 6. O-O Nf6 7. Re1 c5 8. c3
Nc6 9. dxc5 Bxc5 10. Nb3 Be7 11. Be3 Qc7 12. Bc5 d6 13. Be3 O-O-O 14. Qe2 h6
15. Nbd4 g5 16. Nd2 Ne5 17. c4 Nxd3 18. Qxd3 b4 19. f3 Nd7 20. Rec1 Nc5 21. Qe2
Bf6 22. N2b3 h5 23. Nxc5 dxc5 24. Nb3 Bd4 25. Nxd4 cxd4 26. Bxg5 d3 27. Qd2 a5
28. Bxd8 Rxd8 29. b3 Qb6+ 30. Qf2 Qd6 31. Rd1 d2 32. Rab1 Qd3 33. Rb2 Qc3 34.
Rbxd2 Re8 35. Qc5+ Kb8 36. Rd8+ 1-0

[Event "Lansing (MI Am/4/32)"]
[Site "?"]
[Date "1990.??.??"]
[Round "?"]
[White "Sundeen, David"]
[Black "Serwatowski, Felix"]
[Result "1-0"]
[WhiteElo "1705"]
[BlackElo "1605"]
[PlyCount "33"]
[EventDate "1990.??.??"]

{4/(32)} 1. e4 d6 2. f4 e5 3. Nf3 Bg4 4. Bc4 Nf6 5. Nc3 c6 6. fxe5 dxe5 7.
Bxf7+ Kxf7 8. Nxe5+ Kg8 9. Nxg4 Nbd7 10. O-O Bd6 11. d4 Bc7 12. Bg5 Qe8 13.
Nxf6+ Nxf6 14. Bxf6 gxf6 15. Rxf6 Qe7 16. Qg4+ Qg7 17. Qe6+ 1-0

[Event "Lansing (Feb)"]
[Site "?"]
[Date "1990.??.??"]
[Round "?"]
[White "Sundeen, David"]
[Black "Ruhlmann, Max"]
[Result "1-0"]
[WhiteElo "1740"]
[BlackElo "1815"]
[PlyCount "63"]
[EventDate "1990.??.??"]

1. e4 c5 2. Nc3 Nc6 3. g3 g6 4. Bg2 Bg7 5. d3 d6 6. Nf3 f5 7. O-O Nf6 8. Re1
O-O 9. exf5 gxf5 10. Nh4 e5 11. Nd5 Be6 12. Ne3 Qd7 13. Nf1 Bd5 14. Bxd5+ Nxd5
15. c3 Kh8 16. Ne3 Nce7 17. Nxd5 Nxd5 18. Ng2 Rae8 19. f4 Qc6 20. Bd2 e4 21.
dxe4 fxe4 22. Be3 Nxe3 23. Nxe3 c4 24. Qd5 Qxd5 25. Nxd5 h5 26. Rad1 Bh6 27.
Ne3 Re6 28. Nxc4 h4 29. Rxd6 hxg3 30. hxg3 Rxd6 31. Nxd6 Rg8 32. Kf2 1-0

[Event "Lansing (Mini-Swiss.2/2)"]
[Site "?"]
[Date "1990.??.??"]
[Round "?"]
[White "Sundeen, David"]
[Black "Rostrom, Richard"]
[Result "1/2-1/2"]
[WhiteElo "1695"]
[BlackElo "1740"]
[PlyCount "70"]
[EventDate "1990.??.??"]

{2/(2)} 1. e4 c6 2. d4 d5 3. e5 Bf5 4. Bd3 Bxd3 5. Qxd3 e6 6. Nf3 Nd7 7. O-O
Qc7 8. c3 h6 9. Bf4 c5 10. Nbd2 c4 11. Qc2 a6 12. Bg3 Ne7 13. h3 Ng6 14. Ne1
Be7 15. f4 Nh4 16. Bxh4 Bxh4 17. f5 O-O-O 18. fxe6 fxe6 19. Rf7 Bxe1 20. Rxe1
g5 21. Qg6 Qc6 22. Ref1 Qb6 23. Re7 Nxe5 24. Qxe6+ Qxe6 25. Rxe6 Nd3 26. Rf7
Rd7 27. Rff6 h5 28. b3 Nf4 29. Rd6 Rxd6 30. Rxd6 Ne2+ 31. Kf2 Nxc3 32. bxc4
dxc4 33. Rg6 Re8 34. Nxc4 Rd8 35. Ke3 Nb5 1/2-1/2

[Event "Lansing (Feb)"]
[Site "?"]
[Date "1990.??.??"]
[Round "?"]
[White "Sundeen, David"]
[Black "Rosenberg, Steve"]
[Result "1-0"]
[WhiteElo "1740"]
[BlackElo "1790"]
[PlyCount "51"]
[EventDate "1990.??.??"]

1. e4 Nf6 2. e5 Nd5 3. c4 Nb6 4. d4 d6 5. f4 dxe5 6. fxe5 c5 7. d5 e6 8. Nc3
exd5 9. cxd5 c4 10. Nf3 Bg4 11. Bf4 Bb4 12. Qd4 Bxf3 13. gxf3 Nc6 14. Qe4 Nxd5
15. O-O-O Bxc3 16. bxc3 Nce7 17. Bxc4 Rc8 18. Bb5+ Kf8 19. c4 Qa5 20. Rxd5 Qc3+
21. Kb1 Qb4+ 22. Kc2 Nxd5 23. Qxd5 a6 24. e6 Ke7 25. Qd7+ Kf6 26. Qxf7# 1-0

[Event "Flint (Class B/2)"]
[Site "?"]
[Date "1990.??.??"]
[Round "?"]
[White "Sundeen, David"]
[Black "Mose, Greg"]
[Result "0-1"]
[WhiteElo "1740"]
[BlackElo "1660"]
[PlyCount "70"]
[EventDate "1990.??.??"]

1. e4 c5 2. Nc3 Nc6 3. g3 e6 4. Bg2 Nf6 5. d3 Be7 6. Nf3 O-O 7. O-O Qc7 8. Be3
d5 9. exd5 exd5 10. d4 cxd4 11. Nxd4 Be6 12. Nxe6 fxe6 13. Nb5 Qd7 14. Nd4 e5
15. Ne2 Rad8 16. c3 d4 17. Qb3+ Kh8 18. cxd4 exd4 19. Rad1 Na5 20. Qc2 d3 21.
Qb1 dxe2 22. Rxd7 exf1=Q+ 23. Bxf1 Nxd7 24. Qe4 Nc6 25. Bf4 Nf6 26. Qf3 Nd5 27.
Qe4 Nxf4 28. gxf4 Bf6 29. Bd3 g6 30. Qf3 Bxb2 31. Qh3 Rg8 32. Kf1 Nb4 33. Bc4
Rd1+ 34. Ke2 Rgd8 35. Qe6 Nc6 0-1

[Event "Lansing (Jan)"]
[Site "?"]
[Date "1990.??.??"]
[Round "?"]
[White "Sundeen, David"]
[Black "Kreiman, V."]
[Result "0-1"]
[WhiteElo "1725"]
[BlackElo "1785"]
[PlyCount "50"]
[EventDate "1990.??.??"]

1. e4 c5 2. Nc3 Nc6 3. g3 Nf6 4. Bg2 d6 5. d3 e6 6. Nge2 Be7 7. h3 Bd7 8. Be3
Qc7 9. O-O O-O 10. Nb5 Qc8 11. c4 a6 12. Nbc3 Ne5 13. b3 b5 14. f4 Nc6 15. cxb5
axb5 16. Nxb5 Nb4 17. Nxd6 Bxd6 18. e5 Nfd5 19. Bf2 Bb8 20. Qd2 Ba7 21. Rfc1
Bb5 22. Bxc5 Bxc5+ 23. d4 Qa6 24. a3 Bxe2 25. axb4 Bxb4 0-1

[Event "Lansing (Jan)"]
[Site "?"]
[Date "1990.??.??"]
[Round "?"]
[White "Sundeen, David"]
[Black "June, Brian"]
[Result "1-0"]
[WhiteElo "1725"]
[BlackElo "1700"]
[PlyCount "38"]
[EventDate "1990.??.??"]

1. e4 c5 2. Nc3 Nc6 3. g3 g6 4. Bg2 Bg7 5. Nge2 Nf6 6. d3 d6 7. O-O e5 8. h3
Be6 9. Be3 Qd7 10. Kh2 Nd4 11. Qd2 Bxh3 12. Bxh3 Nf3+ 13. Kg2 Qxh3+ 14. Kxh3
Nxd2 15. Bxd2 h5 16. f4 Ng4 17. Nd5 Kd7 18. fxe5 Nxe5 19. Bg5 Ng4 1-0

[Event "Lansing (Mini-Swiss.2/3)"]
[Site "?"]
[Date "1990.??.??"]
[Round "?"]
[White "Sundeen, David"]
[Black "Gregory, Kevin"]
[Result "0-1"]
[WhiteElo "1695"]
[BlackElo "1775"]
[PlyCount "120"]
[EventDate "1990.??.??"]

{2/(3)} 1. e4 c6 2. d4 d5 3. e5 Bf5 4. Bd3 Bxd3 5. Qxd3 e6 6. Nf3 Qa5+ 7. c3
Qa6 8. Qxa6 Nxa6 9. O-O c5 10. Be3 cxd4 11. Bxd4 Ne7 12. Nbd2 Nf5 13. a3 Nxd4
14. cxd4 Be7 15. Rac1 Kd7 16. Rc2 Rac8 17. Rfc1 Rc7 18. Rxc7+ Nxc7 19. Nb3 b6
20. Nfd2 Bg5 21. g3 Bxd2 22. Nxd2 Nb5 23. Nb3 Rc8 24. Rxc8 Kxc8 25. f4 Kb7 26.
Kf2 Ka6 27. Ke3 Nc7 28. Kd3 Kb5 29. Nd2 Ka4 30. Kc2 a5 31. Nb1 Kb5 32. Nc3+ Kc4
33. Ne2 a4 34. Nc3 b5 35. Ne2 Na6 36. g4 Nb8 37. f5 Nc6 38. fxe6 fxe6 39. Nf4
Nxd4+ 40. Kb1 g5 41. Nh5 Nf3 42. Nf6 h6 43. Ng8 Nxh2 44. Nxh6 Kd4 45. Nf7 Nxg4
46. Nxg5 Kxe5 47. Kc2 Kf5 48. Nf7 Ne3+ 49. Kc3 Nc4 50. b3 axb3 51. Kxb3 e5 52.
Nd8 e4 53. Nc6 Kf4 54. Nb4 d4 55. a4 Na5+ 56. Kc2 bxa4 57. Kd2 Kf3 58. Nc2 Nc4+
59. Ke1 d3 60. Nd4+ Kg2 0-1

[Event "Detroit (RVO/4)"]
[Site "?"]
[Date "1990.??.??"]
[Round "?"]
[White "Sundeen, David"]
[Black "Gabriel, R."]
[Result "0-1"]
[WhiteElo "1700"]
[BlackElo "1795"]
[PlyCount "24"]
[EventDate "1990.??.??"]

1. e4 e5 2. f4 Bc5 3. Nf3 d6 4. Bc4 Bg4 5. Bxf7+ Kf8 6. Bc4 Nc6 7. Rf1 Nd4 8.
fxe5 Ke8 9. Be2 Bxf3 10. Bxf3 Qh4+ 11. g3 Qxh2 12. d3 Nxc2+ 0-1

[Event "Flint (Class B/5)"]
[Site "?"]
[Date "1990.??.??"]
[Round "?"]
[White "Sundeen, David"]
[Black "Franklin, Stan"]
[Result "1-0"]
[WhiteElo "1740"]
[BlackElo "1645"]
[PlyCount "105"]
[EventDate "1990.??.??"]

1. e4 e6 2. d4 d5 3. Nd2 c5 4. c3 Nc6 5. Ngf3 c4 6. Be2 Bd6 7. O-O Nge7 8. Re1
f5 9. e5 Bc7 10. Nf1 h6 11. Ng3 g5 12. Nh5 Ng8 13. b3 b5 14. bxc4 bxc4 15. Ba3
g4 16. Nd2 Qg5 17. Ng3 f4 18. Bxg4 fxg3 19. Bh5+ Kd7 20. fxg3 Nge7 21. Bc1 Qg7
22. Rf1 Bb6 23. Rf7 Qxe5 24. Kh1 Qd6 25. Qg4 Bb7 26. Nf3 Raf8 27. Bf4 Qa3 28.
Re1 Nd8 29. Ne5+ Kc8 30. Rxf8 Rxf8 31. Qg7 Rg8 32. Qf6 Nf5 33. Nf7 Qxc3 34. Qe5
Qxd4 35. Qb8+ Kd7 36. Nxd8 Bc6 37. Bf7 Rxd8 38. Bxe6+ Ke8 39. Bxf5+ Kf7 40. Qe5
Qxe5 41. Rxe5 Kf6 42. Bg4 Ba4 43. Re6+ Kf7 44. Rxh6 Kg7 45. Be6 c3 46. h4 d4
47. g4 Rh8 48. g5 Rxh6 49. gxh6+ Kh8 50. Bf5 Bc7 51. Bxc7 c2 52. Be5+ Kg8 53.
Bf4 1-0

[Event "Detroit (RVO/1)"]
[Site "?"]
[Date "1990.??.??"]
[Round "?"]
[White "Sundeen, David"]
[Black "Cunningham, R."]
[Result "1/2-1/2"]
[WhiteElo "1700"]
[BlackElo "2265"]
[PlyCount "134"]
[EventDate "1990.??.??"]

1. e4 Nf6 2. e5 Nd5 3. c4 Nb6 4. d4 d6 5. f4 dxe5 6. fxe5 Bf5 7. Be3 Nc6 8. Nf3
e6 9. Be2 Be7 10. O-O O-O 11. Nc3 f6 12. exf6 Bxf6 13. Qd2 Qe7 14. Rad1 Rad8
15. d5 Bxc3 16. Qxc3 exd5 17. cxd5 Nxd5 18. Bc4 Be6 19. Bxd5 Rxd5 20. Rxd5 Bxd5
21. Bc5 Qd8 22. Bxf8 Qxf8 23. a3 h6 24. Nd4 Qd6 25. Nf5 Qg6 26. Qg3 Qf6 27. Ne3
Qe6 28. Nxd5 Qxd5 29. Qf2 Nd4 30. Re1 c5 31. Qe3 b5 32. Qe8+ Kh7 33. Qe4+ Qxe4
34. Rxe4 Kg6 35. Kf2 Kf6 36. g4 a5 37. h4 Ne6 38. Ke3 a4 39. Kd3 g6 40. Kc3 Ke7
41. b4 axb3 42. Kxb3 Kd6 43. a4 Kd5 44. Re1 Nd4+ 45. Kb2 bxa4 46. Ra1 Nf3 47.
h5 g5 48. Rxa4 Ne5 49. Kc3 c4 50. Ra5+ Ke4 51. Ra6 Nxg4 52. Kxc4 Ne3+ 53. Kc3
Nf5 54. Kd2 Kf4 55. Ra4+ Kg3 56. Ke1 g4 57. Ra5 Kf4 58. Kf2 g3+ 59. Kg1 Kg4 60.
Kg2 Nh4+ 61. Kg1 Kh3 62. Ra3 Nf5 63. Ra4 Ng7 64. Ra6 Nxh5 65. Rxh6 Kg4 66. Rg6+
Kf3 67. Rxg3+ Kxg3 1/2-1/2

[Event "Lansing (MI Am/2/10)"]
[Site "?"]
[Date "1990.??.??"]
[Round "?"]
[White "Sundeen, David"]
[Black "Ball, Ed"]
[Result "0-1"]
[WhiteElo "1705"]
[BlackElo "1915"]
[PlyCount "92"]
[EventDate "1990.??.??"]

{2/(10)} 1. e4 e6 2. d4 d5 3. Nd2 c6 4. e5 c5 5. c3 Nc6 6. Bd3 cxd4 7. cxd4
Nxd4 8. Ngf3 Bc5 9. O-O Ne7 10. Nxd4 Bxd4 11. Qa4+ Nc6 12. Bb5 Qb6 13. Nf3 Bc5
14. Bxc6+ bxc6 15. Qg4 Ba6 16. Qxg7 O-O-O 17. Qxf7 Bxf1 18. Qxe6+ Kb8 19. Kxf1
Bxf2 20. Bg5 Qxb2 21. Rc1 Bb6 22. Bd2 c5 23. Qc6 Rhf8 24. Qh6 Qxe5 25. Re1 Qf6
26. Qxf6 Rxf6 27. Bg5 Rfd6 28. Bxd8 Rxd8 29. Ke2 c4 30. Rd1 d4 31. Kd2 Ba5+ 32.
Kc2 d3+ 33. Kc1 Rd5 34. g4 Kc7 35. h4 Kd6 36. Nd2 Kc5 37. g5 Kd4 38. Rf1 Bxd2+
39. Kxd2 c3+ 40. Kc1 c2 41. Rf7 Rb5 42. Rd7+ Ke4 43. Re7+ Kf4 44. Rf7+ Kg4 45.
Rc7 Rb1+ 46. Kd2 Rd1+ 0-1